[Event "msr2018"]
[Site "?"]
[Date "2018.04.27"]
[Round "9.1"]
[White "Bango, Lukas"]
[Black "Jakab, Bela"]
[Result "0-1"]
[BlackElo "2258"]
[WhiteElo "2127"]
[LiveChessVersion "1.4.8"]

1. e4 {[%clk 1:30:58]} e6 {[%clk 1:30:55]} 2. d4 {[%clk 1:31:22]} d5
{[%clk 1:31:20]} 3. Nc3 {[%clk 1:31:46]} Bb4 {[%clk 1:31:44]} 4. e5
{[%clk 1:32:11]} Ne7 {[%clk 1:32:01]} 5. Qg4 {[%clk 1:30:49]} c5 {[%clk 1:32:18]}
6. dxc5 {[%clk 1:29:29]} Nbc6 {[%clk 1:32:17]} 7. Bd2 {[%clk 1:29:52]} Ng6
{[%clk 1:30:35]} 8. Nf3 {[%clk 1:29:21]} Bxc5 {[%clk 1:29:47]} 9. O-O-O
{[%clk 1:25:45]} Qc7 {[%clk 1:26:04]} 10. Bd3 {[%clk 1:22:17]} a6
{[%clk 1:22:25]} 11. h4 {[%clk 1:20:21]} Bd7 {[%clk 1:20:08]} 12. h5
{[%clk 1:08:26]} Ncxe5 {[%clk 1:19:24]} 13. Nxe5 {[%clk 1:08:41]} Nxe5
{[%clk 1:19:49]} 14. Qxg7 {[%clk 1:08:56]} Nxd3+ {[%clk 1:19:56]} 15. cxd3
{[%clk 1:09:14]} O-O-O {[%clk 1:19:41]} 16. d4 {[%clk 1:07:43]} Rhg8
{[%clk 1:15:37]} 17. Qf6 {[%clk 1:07:57]} Bd6 {[%clk 1:15:27]} 18. g3
{[%clk 1:04:52]} Bc6 {[%clk 1:10:19]} 19. Kb1 {[%clk 0:59:26]} Qe7
{[%clk 1:09:08]} 20. Qf3 {[%clk 0:56:16]} f6 {[%clk 0:59:12]} 21. Rhe1
{[%clk 0:53:51]} Bc7 {[%clk 0:59:05]} 22. Re2 {[%clk 0:46:34]} e5
{[%clk 0:52:59]} 23. Qf5+ {[%clk 0:37:27]} Bd7 {[%clk 0:48:49]} 24. Qc2
{[%clk 0:29:38]} Bg4 {[%clk 0:48:46]} 25. f3 {[%clk 0:29:54]} Be6
{[%clk 0:47:46]} 26. dxe5 {[%clk 0:26:23]} d4 {[%clk 0:44:57]} 27. exf6
{[%clk 0:24:03]} Qxf6 {[%clk 0:30:58]} 28. Ne4 {[%clk 0:23:02]} Qf7
{[%clk 0:29:36]} 29. Ng5 {[%clk 0:12:28]} d3 {[%clk 0:25:15]} 30. Qc3
{[%clk 0:11:41]} dxe2 {[%clk 0:25:11]} 31. Rc1 {[%clk 0:11:55]} Bf5+
{[%clk 0:21:03]} 32. Ka1 {[%clk 0:12:05]} Qg7 {[%clk 0:20:51]} 33. Qa5
{[%clk 0:08:00]} Rxd2 {[%clk 0:20:57]} 34. Qxd2 {[%clk 0:08:22]} Qxg5
{[%clk 0:21:05]} 35. f4 {[%clk 0:06:59]} Qe7 {[%clk 0:21:15]} 0-1

[Event "msr2018"]
[Site "?"]
[Date "2018.04.27"]
[Round "9.2"]
[White "Verbovsky, Michal"]
[Black "Haring, Filip"]
[Result "0-1"]
[BlackElo "2339"]
[WhiteElo "1924"]
[LiveChessVersion "1.4.8"]

1. b3 {[%clk 1:30:54]} Nf6 {[%clk 1:30:50]} 2. Bb2 {[%clk 1:31:07]} g6
{[%clk 1:31:10]} 3. e3 {[%clk 1:30:19]} Bg7 {[%clk 1:31:34]} 4. Nf3
{[%clk 1:30:38]} O-O {[%clk 1:31:54]} 5. c4 {[%clk 1:29:50]} c5 {[%clk 1:29:58]}
6. Be2 {[%clk 1:28:36]} Nc6 {[%clk 1:29:19]} 7. Nc3 {[%clk 1:27:36]} d5
{[%clk 1:26:23]} 8. Nxd5 {[%clk 1:22:02]} Nxd5 {[%clk 1:26:46]} 9. Bxg7
{[%clk 1:22:19]} Kxg7 {[%clk 1:22:01]} 10. cxd5 {[%clk 1:22:17]} Qxd5
{[%clk 1:22:25]} 11. Qc2 {[%clk 1:19:33]} e5 {[%clk 1:21:00]} 12. Bc4
{[%clk 1:10:55]} Qd6 {[%clk 1:20:49]} 13. Qc3 {[%clk 1:09:28]} f6
{[%clk 1:20:29]} 14. d3 {[%clk 1:07:49]} b6 {[%clk 1:11:52]} 15. O-O
{[%clk 1:07:37]} a6 {[%clk 1:05:15]} 16. e4 {[%clk 0:58:30]} Bg4 {[%clk 0:54:13]}
17. Bd5 {[%clk 0:52:09]} Bxf3 {[%clk 0:53:21]} 18. Bxc6 {[%clk 0:51:38]} Qxc6
{[%clk 0:49:54]} 19. gxf3 {[%clk 0:51:59]} Qd6 {[%clk 0:47:50]} 20. Rfe1
{[%clk 0:40:41]} Rad8 {[%clk 0:46:39]} 21. Rad1 {[%clk 0:37:57]} Rd7
{[%clk 0:45:46]} 22. a4 {[%clk 0:37:56]} a5 {[%clk 0:45:14]} 23. Re2
{[%clk 0:34:45]} Qe6 {[%clk 0:43:53]} 24. Qc4 {[%clk 0:32:04]} Qh3
{[%clk 0:43:03]} 25. Re3 {[%clk 0:31:47]} Rd4 {[%clk 0:43:00]} 26. Qc2
{[%clk 0:31:10]} f5 {[%clk 0:42:07]} 27. f4 {[%clk 0:28:41]} Qg4+
{[%clk 0:41:56]} 28. Rg3 {[%clk 0:28:51]} Qxf4 {[%clk 0:41:58]} 29. exf5
{[%clk 0:28:36]} Qxf5 {[%clk 0:37:31]} 30. Qe2 {[%clk 0:26:16]} Rf4
{[%clk 0:32:18]} 31. Rd2 {[%clk 0:23:02]} h5 {[%clk 0:31:06]} 32. Re3
{[%clk 0:21:37]} Rg4+ {[%clk 0:20:18]} 33. Rg3 {[%clk 0:19:26]} Rb4
{[%clk 0:19:43]} 34. Rb2 {[%clk 0:18:46]} h4 {[%clk 0:19:52]} 35. Re3
{[%clk 0:18:11]} Qg5+ {[%clk 0:18:25]} 36. Kh1 {[%clk 0:16:47]} Rf5
{[%clk 0:17:02]} 37. Rb1 {[%clk 0:15:58]} Qf6 {[%clk 0:15:49]} 38. f3
{[%clk 0:15:07]} Rbf4 {[%clk 0:15:06]} 39. Rf1 {[%clk 0:15:15]} h3
{[%clk 0:15:09]} 40. Qf2 {[%clk 0:15:13]} Rg5 {[%clk 0:12:17]} 41. Rg1
{[%clk 0:14:59]} Rxg1+ {[%clk 0:12:15]} 42. Kxg1 {[%clk 0:15:09]} Rf5
{[%clk 0:12:20]} 43. Kh1 {[%clk 0:14:50]} Rg5 {[%clk 0:11:52]} 44. Qf1
{[%clk 0:08:52]} Rg2 {[%clk 0:10:51]} 45. Re2 {[%clk 0:06:32]} Rxe2
{[%clk 0:11:02]} 46. Qxe2 {[%clk 0:06:56]} e4 {[%clk 0:11:29]} 47. Kg1
{[%clk 0:06:20]} exf3 {[%clk 0:10:47]} 48. Qe3 {[%clk 0:06:02]} Qd4
{[%clk 0:06:37]} 49. Kf2 {[%clk 0:05:44]} Kf6 {[%clk 0:05:59]} 50. Kxf3
{[%clk 0:05:45]} Qxe3+ {[%clk 0:06:23]} 51. Kxe3 {[%clk 0:06:07]} Ke5
{[%clk 0:06:49]} 0-1

[Event "msr2018"]
[Site "?"]
[Date "2018.04.27"]
[Round "9.3"]
[White "Varga, Lukas"]
[Black "Sahidi, Samir"]
[Result "0-1"]
[BlackElo "2238"]
[WhiteElo "1962"]
[LiveChessVersion "1.4.8"]

1. e4 {[%clk 1:30:57]} c5 {[%clk 1:30:47]} 2. Nf3 {[%clk 1:31:22]} Nc6
{[%clk 1:30:44]} 3. Nc3 {[%clk 1:30:55]} g6 {[%clk 1:30:25]} 4. d4
{[%clk 1:31:21]} cxd4 {[%clk 1:30:39]} 5. Nxd4 {[%clk 1:31:45]} Bg7
{[%clk 1:30:38]} 6. Nxc6 {[%clk 1:30:57]} bxc6 {[%clk 1:30:37]} 7. Bc4
{[%clk 1:31:20]} d6 {[%clk 1:29:39]} 8. O-O {[%clk 1:31:44]} Rb8 {[%clk 1:28:59]}
9. Bb3 {[%clk 1:29:54]} Qc7 {[%clk 1:28:20]} 10. Bf4 {[%clk 1:28:34]} Nf6
{[%clk 1:26:39]} 11. Qd2 {[%clk 1:26:44]} O-O {[%clk 1:23:56]} 12. Bh6
{[%clk 1:23:35]} Bxh6 {[%clk 1:19:29]} 13. Qxh6 {[%clk 1:23:57]} c5
{[%clk 1:19:31]} 14. Bc4 {[%clk 1:19:22]} Qa5 {[%clk 1:13:52]} 15. Rab1
{[%clk 1:16:16]} Rb4 {[%clk 1:10:33]} 16. Nd5 {[%clk 1:10:43]} Nxd5
{[%clk 1:10:14]} 17. Bxd5 {[%clk 1:11:05]} e6 {[%clk 1:03:51]} 18. a3
{[%clk 1:07:07]} Ra4 {[%clk 0:58:35]} 19. Bc6 {[%clk 1:05:12]} Rc4
{[%clk 0:58:21]} 20. Rbc1 {[%clk 1:01:46]} Qb6 {[%clk 0:55:30]} 21. b3
{[%clk 1:01:05]} Rd4 {[%clk 0:55:01]} 22. c3 {[%clk 0:58:35]} Rd3
{[%clk 0:55:05]} 23. Ba4 {[%clk 0:57:53]} c4 {[%clk 0:50:39]} 24. bxc4
{[%clk 0:49:42]} Qa5 {[%clk 0:49:38]} 25. Rfd1 {[%clk 0:48:06]} Rxd1+
{[%clk 0:48:31]} 26. Bxd1 {[%clk 0:48:17]} Qxa3 {[%clk 0:47:29]} 27. h4
{[%clk 0:45:43]} Qc5 {[%clk 0:44:20]} 28. Be2 {[%clk 0:42:34]} Ba6
{[%clk 0:42:10]} 29. Ra1 {[%clk 0:39:55]} Bb7 {[%clk 0:38:59]} 30. Qf4
{[%clk 0:36:13]} Kg7 {[%clk 0:35:48]} 31. h5 {[%clk 0:34:11]} h6 {[%clk 0:34:11]}
32. Rd1 {[%clk 0:30:17]} e5 {[%clk 0:31:20]} 33. Qg4 {[%clk 0:29:37]} Bc8
{[%clk 0:29:41]} 34. Qg3 {[%clk 0:28:05]} Be6 {[%clk 0:26:59]} 35. Rb1
{[%clk 0:27:07]} g5 {[%clk 0:25:42]} 36. Rb5 {[%clk 0:20:57]} Qc6
{[%clk 0:25:02]} 37. Qd3 {[%clk 0:19:05]} Rc8 {[%clk 0:23:59]} 38. c5
{[%clk 0:13:56]} dxc5 {[%clk 0:23:26]} 39. Ra5 {[%clk 0:12:35]} Qc7
{[%clk 0:22:23]} 40. Qa6 {[%clk 0:11:13]} Qd8 {[%clk 0:21:51]} 41. Qxa7
{[%clk 0:05:01]} Qd2 {[%clk 0:22:05]} 42. Ba6 {[%clk 0:04:51]} Qe1+
{[%clk 0:19:15]} 43. Kh2 {[%clk 0:04:30]} Rc6 {[%clk 0:18:37]} 44. Bb7
{[%clk 0:00:54]} Qxf2 {[%clk 0:12:52]} 45. Bxc6 {[%clk 0:29:34]} g4
{[%clk 0:39:28]} 0-1

[Event "msr2018"]
[Site "?"]
[Date "2018.04.27"]
[Round "9.4"]
[White "Ferencak, Jakub"]
[Black "Bielik, Jakub"]
[Result "1-0"]
[BlackElo "1939"]
[WhiteElo "1974"]
[LiveChessVersion "1.4.8"]

1. d4 {[%clk 1:30:58]} d5 {[%clk 1:30:51]} 2. c4 {[%clk 1:31:23]} e6
{[%clk 1:31:16]} 3. Nc3 {[%clk 1:31:48]} Nf6 {[%clk 1:31:42]} 4. Bg5
{[%clk 1:31:55]} Be7 {[%clk 1:32:08]} 5. e3 {[%clk 1:32:10]} O-O {[%clk 1:32:26]}
6. Nf3 {[%clk 1:32:36]} h6 {[%clk 1:32:46]} 7. Bh4 {[%clk 1:32:16]} b6
{[%clk 1:33:10]} 8. Be2 {[%clk 1:31:39]} Bb7 {[%clk 1:33:32]} 9. O-O
{[%clk 1:32:01]} Nbd7 {[%clk 1:33:58]} 10. Rc1 {[%clk 1:31:27]} c5
{[%clk 1:33:42]} 11. Bg3 {[%clk 1:30:33]} a6 {[%clk 1:31:06]} 12. a3
{[%clk 1:29:24]} dxc4 {[%clk 1:30:34]} 13. Bxc4 {[%clk 1:29:09]} b5
{[%clk 1:30:58]} 14. Be2 {[%clk 1:28:41]} Qb6 {[%clk 1:27:46]} 15. dxc5
{[%clk 1:22:20]} Nxc5 {[%clk 1:28:01]} 16. b4 {[%clk 1:22:32]} Ncd7
{[%clk 1:23:53]} 17. Nd4 {[%clk 1:18:08]} Rac8 {[%clk 1:23:47]} 18. Bf3
{[%clk 1:17:38]} Bxf3 {[%clk 1:16:32]} 19. Qxf3 {[%clk 1:17:10]} Rc4
{[%clk 1:16:26]} 20. Qe2 {[%clk 1:07:12]} Rfc8 {[%clk 1:16:19]} 21. Qd2
{[%clk 1:06:37]} Qb7 {[%clk 1:15:26]} 22. Nb3 {[%clk 1:05:13]} Bd8
{[%clk 1:12:14]} 23. h3 {[%clk 0:59:09]} Bb6 {[%clk 1:11:41]} 24. Rfd1
{[%clk 0:55:31]} Qc6 {[%clk 0:57:34]} 25. Ne2 {[%clk 0:50:57]} Nf8
{[%clk 0:54:40]} 26. Qd6 {[%clk 0:46:24]} Ng6 {[%clk 0:51:21]} 27. Rxc4
{[%clk 0:45:35]} bxc4 {[%clk 0:51:14]} 28. Qxc6 {[%clk 0:43:42]} Rxc6
{[%clk 0:51:40]} 29. Nbd4 {[%clk 0:42:49]} Rc8 {[%clk 0:50:41]} 30. Nc3
{[%clk 0:37:34]} Ne7 {[%clk 0:46:11]} 31. Be5 {[%clk 0:36:21]} Nfd5
{[%clk 0:45:27]} 32. Nde2 {[%clk 0:36:29]} Rd8 {[%clk 0:37:45]} 33. Na4
{[%clk 0:35:40]} Nc6 {[%clk 0:34:53]} 34. Nxb6 {[%clk 0:33:23]} Nxe5
{[%clk 0:34:31]} 35. e4 {[%clk 0:33:35]} Rb8 {[%clk 0:32:58]} 36. Nxd5
{[%clk 0:32:22]} exd5 {[%clk 0:33:20]} 37. Rxd5 {[%clk 0:32:17]} f6
{[%clk 0:32:23]} 38. Nc3 {[%clk 0:27:06]} Rc8 {[%clk 0:31:06]} 39. Kf1
{[%clk 0:24:31]} Kf7 {[%clk 0:31:30]} 40. Ke2 {[%clk 0:24:23]} Ke7
{[%clk 0:31:48]} 41. Ke3 {[%clk 0:24:07]} Nd3 {[%clk 0:30:40]} 42. f4
{[%clk 0:22:20]} Ne1 {[%clk 0:29:28]} 43. g3 {[%clk 0:20:49]} Rc6
{[%clk 0:29:16]} 44. Kd2 {[%clk 0:18:30]} Nd3 {[%clk 0:29:22]} 45. Na4
{[%clk 0:18:16]} Nf2 {[%clk 0:24:21]} 46. Nc5 {[%clk 0:17:15]} Nxh3
{[%clk 0:24:16]} 47. Kc3 {[%clk 0:15:43]} Nf2 {[%clk 0:24:41]} 48. Rd7+
{[%clk 0:15:53]} Kf8 {[%clk 0:24:33]} 49. Kxc4 {[%clk 0:16:06]} Nxe4
{[%clk 0:18:38]} 50. Kd5 {[%clk 0:16:14]} Nxc5 {[%clk 0:18:34]} 51. bxc5
{[%clk 0:16:23]} Rc8 {[%clk 0:18:41]} 52. c6 {[%clk 0:16:40]} g5 53. fxg5
{[%clk 0:16:44]} hxg5 {[%clk 0:18:45]} 54. Kd6 {[%clk 0:17:04]} f5
{[%clk 0:18:46]} 55. c7 {[%clk 0:17:19]} Ke8 {[%clk 0:19:08]} 56. Rh7
{[%clk 0:17:42]} 1-0

[Event "msr2018"]
[Site "?"]
[Date "2018.04.27"]
[Round "9.5"]
[White "Durica, Adam"]
[Black "Gzib, David"]
[Result "0-1"]
[BlackElo "1923"]
[WhiteElo "1890"]
[LiveChessVersion "1.4.8"]

1. c4 {[%clk 1:30:56]} Nf6 {[%clk 1:30:37]} 2. b3 {[%clk 1:31:13]} g6
{[%clk 1:30:40]} 3. Bb2 {[%clk 1:31:33]} Bg7 {[%clk 1:31:00]} 4. g3
{[%clk 1:31:55]} c5 {[%clk 1:30:15]} 5. Bg2 {[%clk 1:32:09]} Nc6 {[%clk 1:30:32]}
6. Nf3 {[%clk 1:32:17]} O-O {[%clk 1:30:43]} 7. O-O {[%clk 1:32:36]} b6
{[%clk 1:25:39]} 8. d3 {[%clk 1:31:30]} Bb7 {[%clk 1:25:10]} 9. e3
{[%clk 1:31:31]} d5 {[%clk 1:23:05]} 10. Qe2 {[%clk 1:31:35]} dxc4
{[%clk 1:21:07]} 11. bxc4 {[%clk 1:31:37]} Qc7 {[%clk 1:16:14]} 12. Ne1
{[%clk 1:27:57]} Nb4 {[%clk 1:14:09]} 13. Bxb7 {[%clk 1:27:41]} Qxb7
{[%clk 1:14:36]} 14. a3 {[%clk 1:27:57]} Nc6 {[%clk 1:12:08]} 15. f4
{[%clk 1:28:18]} Ne8 {[%clk 1:05:13]} 16. g4 {[%clk 1:25:19]} f5 {[%clk 1:00:13]}
17. gxf5 {[%clk 1:23:18]} Rxf5 {[%clk 1:00:21]} 18. Bxg7 {[%clk 1:23:16]} Nxg7
{[%clk 1:00:39]} 19. e4 {[%clk 1:23:37]} Rf7 {[%clk 0:57:43]} 20. Qg4
{[%clk 1:19:15]} e5 {[%clk 0:53:23]} 21. Nc3 {[%clk 1:15:12]} Raf8
{[%clk 0:50:44]} 22. Nd5 {[%clk 1:14:45]} exf4 {[%clk 0:50:12]} 23. Rxf4
{[%clk 1:14:47]} Nd4 {[%clk 0:47:29]} 24. Ng2 {[%clk 0:58:57]} Nh5
{[%clk 0:27:28]} 25. Rxf7 {[%clk 0:57:05]} Qxf7 {[%clk 0:27:48]} 26. Nde3
{[%clk 0:55:12]} Qf2+ {[%clk 0:24:13]} 27. Kh1 {[%clk 0:55:32]} Nc2
{[%clk 0:20:33]} 28. Qe6+ {[%clk 0:52:39]} Kh8 {[%clk 0:20:34]} 29. Qe5+
{[%clk 0:52:52]} Ng7 {[%clk 0:20:19]} 30. Qb2 {[%clk 0:50:50]} Nxa1
{[%clk 0:18:06]} 31. Qxa1 {[%clk 0:51:14]} Kg8 {[%clk 0:17:17]} 32. d4
{[%clk 0:50:33]} cxd4 {[%clk 0:12:32]} 33. Qxd4 {[%clk 0:50:55]} Ne6
{[%clk 0:12:15]} 34. Qd1 {[%clk 0:51:19]} Qf3 {[%clk 0:10:32]} 35. Qd3
{[%clk 0:46:45]} Nf4 {[%clk 0:09:40]} 36. Qd6 {[%clk 0:37:05]} Nxg2
{[%clk 0:07:44]} 37. Qd5+ {[%clk 0:37:28]} Kg7 {[%clk 0:04:26]} 38. Qd7+
{[%clk 0:37:26]} Rf7 {[%clk 0:04:46]} 39. Qd4+ {[%clk 0:37:51]} Kh6
{[%clk 0:03:44]} 40. Nxg2 {[%clk 0:38:06]} Qf1+ {[%clk 0:03:19]} 41. Qg1
{[%clk 0:38:30]} Qxg1+ {[%clk 0:02:28]} 42. Kxg1 {[%clk 0:38:53]} Re7
{[%clk 0:02:46]} 43. Kf2 {[%clk 0:39:17]} Rxe4 {[%clk 0:03:08]} 44. Ne3
{[%clk 0:39:42]} Kg5 {[%clk 0:01:10]} 45. Kf3 {[%clk 0:39:33]} Rf4+
{[%clk 0:01:11]} 46. Kg3 {[%clk 0:39:54]} Rd4 {[%clk 0:00:41]} 47. a4
{[%clk 0:38:55]} Rd3 {[%clk 0:30:47]} 48. Kf3 {[%clk 1:09:55]} Rd2
{[%clk 0:30:23]} 49. Ke4 {[%clk 1:09:35]} Rxh2 {[%clk 0:30:10]} 50. Kd5
{[%clk 1:09:55]} Ra2 {[%clk 0:30:18]} 51. Kc6 {[%clk 1:10:16]} Rxa4
{[%clk 0:30:41]} 52. Kb5 {[%clk 1:10:02]} Ra3 {[%clk 0:31:00]} 53. Nd5
{[%clk 1:10:19]} h5 {[%clk 0:30:47]} 54. Nxb6 {[%clk 1:09:40]} axb6
{[%clk 0:31:06]} 55. Kxb6 {[%clk 1:10:03]} Rc3 {[%clk 0:31:26]} 56. c5
{[%clk 1:10:28]} h4 {[%clk 0:31:47]} 57. c6 {[%clk 1:10:53]} h3 {[%clk 0:32:09]}
58. c7 {[%clk 1:11:17]} h2 {[%clk 0:32:33]} 59. Kb7 {[%clk 1:11:30]} h1=Q+
{[%clk 0:32:52]} 60. Kb8 {[%clk 1:11:54]} Qc6 {[%clk 0:32:30]} 0-1

[Event "msr2018"]
[Site "?"]
[Date "2018.04.27"]
[Round "9.6"]
[White "Panko, Eduard"]
[Black "Sandor, Martin"]
[Result "0-1"]
[BlackElo "1964"]
[WhiteElo "1949"]
[LiveChessVersion "1.4.8"]

1. e4 {[%clk 1:30:58]} c5 {[%clk 1:30:55]} 2. a3 {[%clk 1:31:21]} g6
{[%clk 1:31:04]} 3. Nc3 {[%clk 1:31:37]} Bg7 {[%clk 1:31:29]} 4. Bc4
{[%clk 1:31:52]} Nc6 {[%clk 1:30:44]} 5. h4 {[%clk 1:27:08]} h5 {[%clk 1:28:16]}
6. d3 {[%clk 1:26:25]} Nf6 {[%clk 1:24:54]} 7. Be3 {[%clk 1:25:20]} d6
{[%clk 1:24:15]} 8. f3 {[%clk 1:20:46]} O-O {[%clk 1:17:15]} 9. Nh3
{[%clk 1:17:41]} e6 {[%clk 1:09:10]} 10. Bg5 {[%clk 1:09:58]} a6 {[%clk 1:06:47]}
11. Nf4 {[%clk 1:00:28]} b5 {[%clk 1:04:57]} 12. Bb3 {[%clk 1:00:12]} Qb6
{[%clk 1:03:51]} 13. g4 {[%clk 0:58:09]} hxg4 {[%clk 1:00:32]} 14. fxg4
{[%clk 0:53:36]} Ne5 {[%clk 0:53:33]} 15. Bxf6 {[%clk 0:38:58]} Bxf6
{[%clk 0:53:36]} 16. Qe2 {[%clk 0:34:50]} a5 {[%clk 0:47:19]} 17. g5
{[%clk 0:34:25]} Bg7 {[%clk 0:46:40]} 18. h5 {[%clk 0:28:08]} c4 {[%clk 0:43:36]}
19. Ba2 {[%clk 0:27:24]} b4 {[%clk 0:43:06]} 20. Nd1 {[%clk 0:20:32]} b3
{[%clk 0:38:43]} 21. cxb3 {[%clk 0:20:11]} cxb3 {[%clk 0:38:46]} 22. Bb1
{[%clk 0:20:22]} Ba6 {[%clk 0:38:09]} 23. h6 {[%clk 0:13:41]} Bh8
{[%clk 0:37:01]} 24. h7+ {[%clk 0:13:26]} Kg7 {[%clk 0:37:25]} 25. Qf1
{[%clk 0:12:35]} Qd8 {[%clk 0:23:49]} 26. Rg1 {[%clk 0:07:29]} Re8
{[%clk 0:21:46]} 27. Qh3 {[%clk 0:05:32]} Kf8 {[%clk 0:21:30]} 28. Qh6+
{[%clk 0:04:39]} Ke7 {[%clk 0:21:54]} 29. Qh3 {[%clk 0:03:09]} Qb6
{[%clk 0:21:45]} 30. Rf1 {[%clk 0:03:26]} Rac8 {[%clk 0:20:19]} 31. Nc3
{[%clk 0:03:55]} Rxc3 {[%clk 0:09:22]} 32. bxc3 {[%clk 0:04:18]} b2
{[%clk 0:08:31]} 33. Ra2 {[%clk 0:04:32]} Qb3 {[%clk 0:08:31]} 34. Qe3
{[%clk 0:02:37]} Qxc3+ {[%clk 0:07:01]} 35. Ke2 {[%clk 0:02:01]} Nc6
{[%clk 0:06:28]} 36. Qd2 {[%clk 0:00:53]} Nd4+ {[%clk 0:03:43]} 37. Kd1
{[%clk 0:00:45]} Qxd2+ {[%clk 0:03:28]} 38. Kxd2 {[%clk 0:01:13]} Nb3+
{[%clk 0:03:39]} 39. Ke2 {[%clk 0:00:33]} Rc8 {[%clk 0:03:16]} 40. Rd1
{[%clk 0:00:34]} Nc1+ {[%clk 0:01:00]} 41. Kd2 {[%clk 0:24:30]} Nb3+
{[%clk 0:23:28]} 42. Ke2 {[%clk 0:23:58]} Nd4+ {[%clk 0:20:55]} 43. Kf2
{[%clk 0:17:46]} Rc1 {[%clk 0:17:30]} 44. Rf1 {[%clk 0:16:49]} Nb3
{[%clk 0:16:37]} 45. Re1 {[%clk 0:08:02]} Rxe1 {[%clk 0:10:37]} 46. Kxe1
{[%clk 0:08:13]} Nc1 {[%clk 0:10:41]} 47. Kd2 {[%clk 0:06:36]} Nxa2
{[%clk 0:10:00]} 48. Bxa2 {[%clk 0:07:05]} Bc8 {[%clk 0:08:38]} 49. Kc2
{[%clk 0:05:40]} Kf8 {[%clk 0:07:45]} 50. Bb3 {[%clk 0:04:25]} Bd7
{[%clk 0:07:03]} 51. a4 {[%clk 0:04:44]} Kg7 {[%clk 0:04:10]} 52. Kxb2
{[%clk 0:05:05]} Kxh7+ {[%clk 0:04:35]} 53. Kc2 {[%clk 0:05:26]} Bd4
{[%clk 0:04:52]} 54. Kd2 {[%clk 0:05:14]} Bb6 {[%clk 0:04:31]} 55. Ke2
{[%clk 0:05:22]} Bd8 {[%clk 0:04:42]} 56. Nh3 {[%clk 0:05:10]} e5
{[%clk 0:04:16]} 57. Ng1 {[%clk 0:05:10]} Bxg5 {[%clk 0:03:28]} 58. Bxf7
{[%clk 0:05:20]} Bxa4 {[%clk 0:03:44]} 59. Nf3 {[%clk 0:05:23]} Bd8
{[%clk 0:03:11]} 60. d4 {[%clk 0:05:11]} Bb5+ {[%clk 0:02:15]} 61. Kd2
{[%clk 0:05:08]} Kg7 {[%clk 0:02:24]} 62. Bd5 {[%clk 0:05:04]} Bf6
{[%clk 0:02:23]} 63. dxe5 {[%clk 0:05:14]} Bxe5 {[%clk 0:02:39]} 64. Ba2
{[%clk 0:04:23]} Kf6 {[%clk 0:02:54]} 65. Ke3 {[%clk 0:04:36]} Bd7
{[%clk 0:02:53]} 66. Nd2 {[%clk 0:04:00]} g5 {[%clk 0:02:53]} 67. Kf2
{[%clk 0:03:28]} g4 {[%clk 0:03:03]} 68. Nf1 {[%clk 0:03:43]} Kg5
{[%clk 0:03:23]} 69. Kg2 {[%clk 0:03:31]} Bf4 {[%clk 0:03:36]} 70. Kf2
{[%clk 0:02:18]} Bc6 {[%clk 0:03:29]} 71. Bb1 {[%clk 0:02:17]} a4
{[%clk 0:03:52]} 72. Ng3 {[%clk 0:02:08]} Bxg3+ {[%clk 0:04:10]} 73. Kxg3
{[%clk 0:02:32]} a3 {[%clk 0:04:33]} 0-1

[Event "msr2018"]
[Site "?"]
[Date "2018.04.27"]
[Round "9.7"]
[White "Holly, Andrej"]
[Black "Pogadl, Jakub"]
[Result "1-0"]
[BlackElo "1632"]
[WhiteElo "1942"]
[LiveChessVersion "1.4.8"]

1. e4 {[%clk 1:30:58]} c5 {[%clk 1:30:07]} 2. Nc3 {[%clk 1:31:04]} Nc6
{[%clk 1:30:15]} 3. f4 {[%clk 1:30:57]} e6 {[%clk 1:29:26]} 4. Nf3
{[%clk 1:30:43]} Nge7 {[%clk 1:28:54]} 5. Bb5 {[%clk 1:26:33]} Nd4
{[%clk 1:24:56]} 6. Nxd4 {[%clk 1:20:38]} cxd4 {[%clk 1:25:15]} 7. Ne2
{[%clk 1:20:23]} Qb6 {[%clk 1:25:11]} 8. Ba4 {[%clk 1:18:59]} Nc6
{[%clk 1:23:02]} 9. Bxc6 {[%clk 1:15:24]} bxc6 {[%clk 1:20:53]} 10. d3
{[%clk 1:09:59]} Be7 {[%clk 1:13:53]} 11. O-O {[%clk 1:09:44]} O-O
{[%clk 1:14:11]} 12. Ng3 {[%clk 1:00:28]} Qc5 {[%clk 1:09:15]} 13. a4
{[%clk 0:54:58]} d5 {[%clk 1:05:09]} 14. e5 {[%clk 0:52:11]} Ba6 {[%clk 1:04:29]}
15. f5 {[%clk 0:51:14]} Bh4 {[%clk 1:01:45]} 16. f6 {[%clk 0:46:03]} Bxg3
{[%clk 0:56:29]} 17. Qg4 {[%clk 0:42:37]} Bxh2+ {[%clk 0:55:41]} 18. Kxh2
{[%clk 0:43:06]} g6 {[%clk 0:55:53]} 19. Qg5 {[%clk 0:43:21]} Kh8
{[%clk 0:54:47]} 20. b3 {[%clk 0:42:51]} Qxc2 {[%clk 0:52:14]} 21. Qh6
{[%clk 0:41:33]} Rg8 {[%clk 0:52:15]} 22. Bg5 {[%clk 0:33:24]} Qxd3
{[%clk 0:49:24]} 23. Rf3 {[%clk 0:33:37]} Qe4 {[%clk 0:46:18]} 24. Qxh7+
{[%clk 0:33:56]} Kxh7 {[%clk 0:46:35]} 25. Rh3+ {[%clk 0:34:23]} 1-0

[Event "msr2018"]
[Site "?"]
[Date "2018.04.27"]
[Round "9.8"]
[White "Franko, Ondrej"]
[Black "Angelovic, Adrian"]
[Result "0-1"]
[BlackElo "1645"]
[WhiteElo "1968"]
[LiveChessVersion "1.4.8"]

1. e4 {[%clk 1:30:57]} e6 {[%clk 1:30:57]} 2. d4 {[%clk 1:31:23]} d5
{[%clk 1:31:24]} 3. Nc3 {[%clk 1:31:50]} Bb4 {[%clk 1:31:50]} 4. e5
{[%clk 1:32:17]} c5 {[%clk 1:32:15]} 5. Bd2 {[%clk 1:32:44]} Ne7 {[%clk 1:30:10]}
6. Nf3 {[%clk 1:31:42]} Nbc6 {[%clk 1:27:39]} 7. Nb5 {[%clk 1:28:06]} Bxd2+
{[%clk 1:26:16]} 8. Qxd2 {[%clk 1:28:29]} cxd4 {[%clk 1:26:11]} 9. Nbxd4
{[%clk 1:27:16]} a6 {[%clk 1:12:58]} 10. c3 {[%clk 1:26:56]} Qc7 {[%clk 1:09:55]}
11. Nxc6 {[%clk 1:25:12]} bxc6 {[%clk 1:06:32]} 12. Bd3 {[%clk 1:25:21]} a5
{[%clk 1:04:46]} 13. Qg5 {[%clk 1:23:20]} Ng6 {[%clk 1:03:10]} 14. h4
{[%clk 1:23:18]} Kf8 {[%clk 0:39:26]} 15. h5 {[%clk 1:22:50]} h6 {[%clk 0:37:31]}
16. Qe3 {[%clk 1:17:27]} Ne7 {[%clk 0:36:53]} 17. g4 {[%clk 1:14:45]} Ba6
{[%clk 0:34:44]} 18. O-O-O {[%clk 1:12:52]} Bxd3 {[%clk 0:34:15]} 19. Qxd3
{[%clk 1:13:16]} c5 {[%clk 0:33:22]} 20. Kb1 {[%clk 1:10:56]} Rb8
{[%clk 0:31:09]} 21. Rdg1 {[%clk 1:10:14]} Qb7 {[%clk 0:28:10]} 22. Qe2
{[%clk 1:10:19]} c4 {[%clk 0:25:05]} 23. Nd4 {[%clk 1:09:46]} Nc6
{[%clk 0:23:51]} 24. Nxc6 {[%clk 1:07:23]} Qxc6 {[%clk 0:24:15]} 25. Rh2
{[%clk 1:07:30]} a4 {[%clk 0:22:46]} 26. Ka1 {[%clk 1:06:33]} a3 {[%clk 0:20:42]}
27. bxa3 {[%clk 1:06:31]} Qa4 {[%clk 0:20:37]} 28. Rb1 {[%clk 1:06:25]} Ke7
{[%clk 0:19:49]} 29. Rhh1 {[%clk 1:05:35]} Qxa3 {[%clk 0:18:12]} 30. Qc2
{[%clk 1:05:35]} Rhc8 {[%clk 0:16:08]} 31. Rxb8 {[%clk 1:05:49]} Rxb8
{[%clk 0:16:15]} 32. Rb1 {[%clk 1:06:16]} Rb3 {[%clk 0:13:01]} 33. Rxb3
{[%clk 1:05:35]} cxb3 {[%clk 0:13:22]} 34. Qb2 {[%clk 1:05:49]} Qxb2+
{[%clk 0:12:25]} 35. Kxb2 {[%clk 1:06:15]} bxa2 {[%clk 0:12:52]} 36. Kxa2
{[%clk 1:06:41]} f6 {[%clk 0:10:17]} 37. f4 {[%clk 1:07:00]} fxe5
{[%clk 0:10:25]} 38. fxe5 {[%clk 1:07:25]} Kd7 {[%clk 0:10:25]} 39. Kb3
{[%clk 1:07:52]} Kc6 {[%clk 0:08:49]} 40. Kb4 {[%clk 1:05:36]} Kb6
{[%clk 0:08:54]} 41. c4 {[%clk 1:05:56]} Kc6 {[%clk 0:08:01]} 42. c5
{[%clk 1:06:15]} d4 {[%clk 0:05:58]} 43. Kc4 {[%clk 1:06:42]} d3 {[%clk 0:06:17]}
44. Kxd3 {[%clk 1:07:07]} Kxc5 {[%clk 0:06:42]} 45. Ke4 {[%clk 1:06:28]} Kc4
{[%clk 0:06:08]} 46. g5 {[%clk 1:06:16]} Kc5 {[%clk 0:06:22]} 47. Kf3
{[%clk 1:05:11]} Kd4 {[%clk 0:06:42]} 48. Kf4 {[%clk 1:05:36]} Kd5
{[%clk 0:06:59]} 49. gxh6 {[%clk 1:05:35]} gxh6 {[%clk 0:07:27]} 50. Kf3
{[%clk 1:05:57]} Kxe5 {[%clk 0:07:50]} 51. Ke3 {[%clk 1:06:23]} Kf5
{[%clk 0:08:09]} 52. Kf3 {[%clk 1:06:50]} Kg5 {[%clk 0:08:24]} 0-1